000 00558nam a2200205Ia 4500
005 20250923150104.0
008 008 250917s9999 xx 000 0 eng d
037 _aTextual
040 _aDSWL
_beng
_cDSWL
041 _aeng
_2eng
084 _aY:1:72, PO1
_qDSWL
100 _aRahman, M Habbur
_9842100
245 0 _aSocial Development
_c by M Habbur Rahman
260 _aNew Delhi
_b Northern Book Centre
_c2001
300 _a197p.
365 _aINR
_b300
925 _g300
942 _cTEXL
_hY:1:72, PO1
999 _c1459423
_d1459423